Korean Loanwords Quiz - Statistics

General Stats
  • This quiz has been taken 534 times
  • The average score is 6 of 10
Answer Stats
Definition Word % Correct
Fermented Korean side dish made of vegetables Kimchi
96%
Currency of Korea Won
87%
Korean alphabet Hangul
81%
Korean martial art Taekwondo
81%
Korean style alcoholic beverage Soju
76%
Korean dish literally means "mixed rice" Bibimbap
66%
Grilled marinated beef Bulgogi
48%
Large Korean family-controlled corporate groups Chaebol
35%
Member of the Unification Church Moonie
11%
Virus Genus which can cause hemorrhagic fever with renal syndrome Hantavirus
7%
No matching quizzes found
Score Distribution
Percent of People with Each Score
Percentile by Number Answered
Your Score History
You have not taken this quiz